| 000 | 00407cam a2200157ua 4500 | ||
|---|---|---|---|
| 041 |
_aeng _h |
||
| 082 |
_a536.7 _bSAN/CH |
||
| 100 | _aSandler, Stanley I. | ||
| 245 |
_aChemical and engineering thermodynamics / _cStanley I Sandler. _hTextual Documents |
||
| 250 |
_a1 / _b. |
||
| 260 |
_aLondon : _bJohn Wiley & Sons , _c1989. |
||
| 300 | _a622 ; . | ||
| 504 | _a | ||
| 942 | _cBK | ||
| 999 |
_c11058 _d11058 |
||